Educación en valores para una sociedad abierta y plural: aproximación conceptual

Saved in:
Bibliografiske detaljer
Hovedforfatter: Payá Sánchez, Montserrat (autora)
Format: Bog
Sprog:spansk
Udgivet: Bilbao Desclée De Brouwer 1997
Serier:Colección Aprender a Ser
Fag:
Tags: Tilføj Tag
Ingen Tags, Vær først til at tagge denne postø!

MARC

LEADER 00000nam a2200000 a 4500
001 UCQ6772
003 CL-VaPUC
008 981023e19970000SP |||||||||||||||||spa|d
082 0 4 |a 370.114  |b PAY  |2 21 
100 |a Payá Sánchez, Montserrat  |e autora  |9 475338 
245 1 0 |a Educación en valores para una sociedad abierta y plural: aproximación conceptual 
300 |a 216 p 
942 |c BK 
945 |d 19981023 00:00:00  |a mvenant 
260 |a Bilbao  |b Desclée De Brouwer  |c 1997 
650 0 |a Ética  |9 255099 
650 0 |a Valores morales   |9 310604 
650 0 |a Educación moral  |9 308319 
650 0 |a Axiología  |9 334895 
650 0 |a Filosofía de la educación   |9 258384 
583 |a last modification  |c 20170828 11:23:15  |k Rodrigo Vera 
490 0 |a Colección Aprender a Ser 
999 |c 276683  |d 276681 
952 |0 0  |1 0  |4 0  |6 370_114000000000000_PAY_1997  |7 0  |8 A  |9 314092  |a BIBEDU  |b BIBEDU  |d 2019-11-20  |i 3595943  |o 370.114 PAY 1997  |p 3595943  |r 2019-11-20  |w 2019-11-20  |y BK  |k EPE